[Event "C.to Provinciale CO"]
[Site "Como ITA"]
[Date "2012.01.22"]
[Round "2"]
[White "Lancianese, Giuseppe"]
[Black "Villa, Giorgio"]
[WhiteElo "1730"]
[BlackElo "1938"]
[Result "0-1"]
[PlyCount "84"]
[EventDate "2012.01.21"]

1. d4 d5 2. Nf3 Nf6 3. Bf4 c5 4. e3 Qb6 5. Qc1 Nc6 6. c3 Bf5 7. Nh4 Bg6 8. Nxg6
hxg6 9. h3 e6 10. Nd2 Rc8 11. Nf3 Be7 12. Bd3 O-O 13. O-O Ne4 14. dxc5 Nxc5 15.
Bc2 Bf6 16. Rb1 e5 17. Bg3 e4 18. Nd4 Ne5 19. Bxe5 Bxe5 20. Qd1 Bb8 21. g3 Rfe8
22. Kg2 Re5 23. Rh1 Qd6 24. Qg4 Rce8 25. Rbd1 Nd7 26. Bb3 Nf6 27. Qe2 Rg5 28.
Kf1 Qd7 29. Qb5 Qe7 30. Ne2 a6 31. Qb6 Qd7 32. Ke1 Rh5 33. h4 g5 34. Kd2 Ng4
35. Rdf1 gxh4 36. Rxh4 Re6 37. Qd4 Be5 38. Qa7 Rxh4 39. gxh4 Qb5 40. Qa8+ Re8
41. Qa7 Qd3+ 42. Ke1 Nh2 0-1

[Event "C.to Provinciale CO"]
[Site "Como ITA"]
[Date "2012.01.22"]
[Round "2"]
[White "Lipari, Alberto"]
[Black "Mason, Giovanni"]
[WhiteElo "1624"]
[BlackElo "1714"]
[Result "0-1"]
[PlyCount "96"]
[EventDate "2012.01.21"]

1. d4 Nf6 2. c4 e5 3. d5 c6 4. Nc3 d6 5. e4 g6 6. Nf3 Bg7 7. h3 O-O 8. b4 cxd5
9. cxd5 Bd7 10. a4 a5 11. b5 b6 12. Be3 Be8 13. Bd3 Nbd7 14. Rc1 Nc5 15. O-O
Rc8 16. Ne2 Bd7 17. Bxc5 bxc5 18. Nd2 Ne8 19. Qe1 f5 20. Nc4 Ra8 21. Ra1 fxe4
22. Bxe4 Bf5 23. Ng3 Bxe4 24. Nxe4 Rf4 25. f3 Bf8 26. Rb1 Nf6 27. b6 Nxe4 28.
fxe4 Be7 29. Nxa5 Rxf1+ 30. Kxf1 Bh4 31. Qd2 Qf6+ 32. Kg1 Rf8 33. b7 Bg5 34.
Qe2 Bf4 35. b8=Q Rxb8 36. Rxb8+ Kg7 37. Nc4 Qh4 38. Ne3 Qg3 39. Rb7+ Kg8 40.
Ng4 h5 41. Nf6+ Kf8 42. Qf2 Be3 43. Ng4+ Bxf2+ 44. Nxf2 Qa3 45. Rb6 c4 46. Rxd6
Qxd6 47. Nd1 Qa3 48. Kh2 Qxa4 0-1

[Event "C.to Provinciale CO"]
[Site "Como ITA"]
[Date "2012.01.22"]
[Round "2"]
[White "Poletto, Daniele"]
[Black "Rossi, Giampiero"]
[WhiteElo "1714"]
[BlackElo "1913"]
[Result "1/2-1/2"]
[PlyCount "161"]
[EventDate "2012.01.21"]

1. e4 c5 2. c4 e6 3. Nc3 Nc6 4. g3 Nf6 5. Bg2 d6 6. Nge2 Be7 7. d3 O-O 8. O-O
e5 9. h3 a6 10. a3 Bd7 11. Rb1 Rb8 12. b4 cxb4 13. axb4 b5 14. cxb5 axb5 15.
Be3 Qc8 16. Kh2 d5 17. Nxd5 Nxd5 18. exd5 Nxb4 19. d6 Bxd6 20. Ba7 Rb7 21. Bxb7
Qxb7 22. Be3 Bf5 23. Rb3 Qd5 24. Nc3 Qxd3 25. Qxd3 Bxd3 26. Rd1 Bc2 27. Rxd6
Bxb3 28. Nxb5 Nd5 29. Bc5 f6 30. Rd7 Rb8 31. Nd6 g6 32. Nf7 Nb6 33. Nh6+ Kh8
34. Nf7+ Bxf7 35. Bxb6 Rxb6 36. Rxf7 Kg8 37. Ra7 Re6 38. Kg2 Re8 39. Kf3 Rf8
40. Ke4 Rf7 41. Ra5 Rd7 42. Ra4 Kf7 43. f4 exf4 44. Kxf4 g5+ 45. Ke3 Kg6 46. g4
Rd1 47. Kf2 Rd3 48. Kg2 Re3 49. Ra6 Re4 50. Rb6 Rf4 51. Ra6 h5 52. gxh5+ Kxh5
53. Kg3 Kg6 54. Ra5 Re4 55. Ra6 Kf5 56. Ra5+ Re5 57. Ra4 Re3+ 58. Kg2 Re4 59.
Ra5+ Kf4 60. Kf2 f5 61. Ra3 g4 62. hxg4 Kxg4 63. Rg3+ Kf4 64. Rf3+ Ke5 65. Ra3
Kf4 66. Rf3+ Kg4 67. Rg3+ Kh4 68. Rg8 Rf4+ 69. Ke3 Rg4 70. Rf8 Kg5 71. Rg8+ Kh6
72. Rxg4 fxg4 73. Kf4 Kh5 74. Kg3 Kg5 75. Kf2 Kf5 76. Kg3 Kg5 77. Kg2 Kf4 78.
Kf2 g3+ 79. Kg2 Kg4 80. Kg1 Kh3 81. Kh1 1/2-1/2

[Event "C.to Provinciale CO"]
[Site "Como ITA"]
[Date "2012.01.22"]
[Round "2"]
[White "Puppi, Simone"]
[Black "Gonella, Graziano"]
[WhiteElo "1648"]
[BlackElo "1214"]
[Result "1-0"]
[PlyCount "119"]
[EventDate "2012.01.21"]

1. d4 Nf6 2. c4 d5 3. Nc3 g6 4. Nf3 Bg7 5. e3 O-O 6. Bd3 Nc6 7. O-O Nb4 8. cxd5
Nxd3 9. Qxd3 Nxd5 10. Bd2 Nb4 11. Qc4 a5 12. Rac1 Ra6 13. a3 Rc6 14. Qb5 Na6
15. Qxa5 Rb6 16. Na4 Rc6 17. b4 Nb8 18. Qa8 Nd7 19. Rxc6 bxc6 20. Qxc6 Nb8 21.
Qc3 Bd7 22. Nc5 Bc6 23. Rb1 Bxf3 24. gxf3 Qd5 25. Ne4 Rc8 26. Qb3 Qf5 27. Kg2
h5 28. Qd1 h4 29. b5 Nd7 30. a4 Nf6 31. Nxf6+ Bxf6 32. e4 Qh5 33. e5 h3+ 34.
Kh1 Bg7 35. f4 Qf5 36. a5 Rd8 37. Be3 Qe4+ 38. f3 Qf5 39. b6 cxb6 40. axb6 Rb8
41. Rb2 Bh6 42. Qc2 Qh5 43. Qe2 Qh4 44. Qf2 Qxf2 45. Bxf2 Bxf4 46. Rb5 e6 47.
Kg1 Kf8 48. d5 Bxe5 49. dxe6 Bf6 50. exf7 Kxf7 51. b7 Bd8 52. Bg3 Bc7 53. Bxc7
Re8 54. Kf2 Re7 55. b8=Q Re8 56. Qa7 Re7 57. Qa2+ Ke8 58. Ba5 Rd7 59. Qg8+ Ke7
60. Re5+ 1-0

[Event "C.to Provinciale CO"]
[Site "Como ITA"]
[Date "2012.01.22"]
[Round "3"]
[White "Bernasconi, Roberto"]
[Black "Corti, Filippo"]
[WhiteElo "1925"]
[BlackElo "1673"]
[Result "1-0"]
[PlyCount "93"]
[EventDate "2012.01.21"]

1. e4 c6 2. d4 d5 3. Nd2 dxe4 4. Nxe4 Bf5 5. Ng3 Bg6 6. Nf3 Nd7 7. h4 h6 8. h5
Bh7 9. Bd3 Bxd3 10. Qxd3 Qc7 11. Ne4 e6 12. g3 Ngf6 13. Bd2 Nxe4 14. Qxe4 Nf6
15. Qe2 O-O-O 16. O-O-O c5 17. Rh4 c4 18. Ne5 b5 19. Qe1 Qb7 20. Bb4 Nd5 21.
Bxf8 Rhxf8 22. c3 a5 23. Qe2 Rd6 24. Rg4 f6 25. Ng6 Rfd8 26. Re4 Qc6 27. Re1 b4
28. Rxe6 bxc3 29. bxc3 Rxe6 30. Qxe6+ Qxe6 31. Rxe6 Nxc3 32. Rc6+ Kb7 33. Rxc4
Nxa2+ 34. Kb2 Nb4 35. Nf4 Rd7 36. Kb3 Nd5 37. Ne6 Re7 38. Nc5+ Kc7 39. Ra4 Kb6
40. Kc4 Nb4 41. Ra3 Rc7 42. Re3 Nc6 43. Re6 Ka7 44. f4 a4 45. d5 Ne7 46. Ra6+
Kb8 47. d6 1-0

[Event "C.to Provinciale CO"]
[Site "Como ITA"]
[Date "2012.01.22"]
[Round "3"]
[White "Cacia, Vincenzo"]
[Black "Pede, Lucio"]
[WhiteElo "1392"]
[BlackElo "1831"]
[Result "0-1"]
[PlyCount "40"]
[EventDate "2012.01.21"]

1. e4 e5 2. Bc4 Nf6 3. Nc3 Bc5 4. h3 d6 5. Nf3 Be6 6. Bxe6 fxe6 7. O-O O-O 8.
d3 Nc6 9. Bg5 Qe8 10. a3 Qg6 11. b4 Bd4 12. Qd2 h6 13. Bxf6 Rxf6 14. Nxd4 Nxd4
15. Kh2 Raf8 16. Rab1 Rf3 17. Nd1 R8f4 18. c3 Rxh3+ 19. Kxh3 Qh5+ 20. Kg3 Rg4#
0-1

[Event "C.to Provinciale CO"]
[Site "Como ITA"]
[Date "2012.01.22"]
[Round "3"]
[White "Carbone, Lorenzo"]
[Black "Cocconcelli, Lorenzo"]
[WhiteElo "1698"]
[BlackElo "1941"]
[Result "0-1"]
[PlyCount "52"]
[EventDate "2012.01.21"]

1. e4 e6 2. Nf3 d5 3. exd5 exd5 4. d4 Bg4 5. Bd3 Nc6 6. c3 Bd6 7. O-O Nge7 8.
Be3 Qd7 9. Nbd2 f5 10. Nb3 O-O-O 11. a4 h6 12. a5 Qe8 13. h3 Bh5 14. a6 b6 15.
Bb5 g5 16. Qd3 Bxf3 17. gxf3 Qh5 18. Kg2 g4 19. fxg4 fxg4 20. Rh1 gxh3+ 21. Kf1
Qf3 22. Bxc6 Nxc6 23. Qb5 Qxh1+ 24. Ke2 Qxa1 25. Nxa1 h2 26. Qxd5 Rhg8 0-1

[Event "C.to Provinciale CO"]
[Site "Como ITA"]
[Date "2012.01.22"]
[Round "3"]
[White "Coppola, Guido"]
[Black "Colombo, Luca"]
[WhiteElo "1987"]
[BlackElo "1887"]
[Result "1-0"]
[PlyCount "89"]
[EventDate "2012.01.21"]

1. e4 c5 2. Nf3 Nc6 3. d4 cxd4 4. Nxd4 g6 5. Nc3 Bg7 6. Be3 d6 7. Qd2 Nf6 8. f3
O-O 9. O-O-O Bd7 10. h4 Rc8 11. g4 Ne5 12. h5 Qa5 13. Kb1 Nxf3 14. Nxf3 Rxc3
15. hxg6 hxg6 16. Bd4 Rfc8 17. Bd3 Bxg4 18. Rdf1 Bxf3 19. Rxf3 Ra3 20. b4 Qc7
21. Bb2 Ra6 22. Bxf6 exf6 23. Bxa6 bxa6 24. Rd3 Rd8 25. Rdh3 Qc4 26. Re1 a5 27.
Rb3 a4 28. Rd3 Bf8 29. Rd4 Qe6 30. Rd5 Rc8 31. a3 Qh3 32. Rd3 Qe6 33. Rd5 Qh3
34. Qe3 Qd7 35. Red1 Qc6 36. Qd3 a6 37. Ra5 Qc3 38. Rxa4 Qe5 39. Ra5 Rc3 40.
Rxe5 Rxd3 41. Rxd3 dxe5 42. c4 a5 43. c5 axb4 44. axb4 g5 45. c6 1-0

[Event "C.to Provinciale CO"]
[Site "Como ITA"]
[Date "2012.01.22"]
[Round "3"]
[White "Crippa, Matteo"]
[Black "Falchi, Claudio"]
[WhiteElo "1508"]
[BlackElo "1777"]
[Result "0-1"]
[PlyCount "60"]
[EventDate "2012.01.21"]

1. e4 e6 2. d4 d5 3. Nc3 Bb4 4. e5 c5 5. a3 Bxc3+ 6. bxc3 Qa5 7. Bb2 cxd4 8.
Qxd4 Nc6 9. Qg4 g6 10. Nf3 d4 11. Nxd4 Qxe5+ 12. Be2 Nf6 13. Nxc6 bxc6 14. Qf3
O-O 15. O-O Nd5 16. Rab1 Rb8 17. Ba1 Rxb1 18. Rxb1 Qf5 19. c4 Nf4 20. Bd3 Nxd3
21. Qxf5 exf5 22. cxd3 Be6 23. Rb7 Re8 24. f3 Bxc4 25. Kf2 Bxd3 26. Rxa7 h5 27.
Rc7 f4 28. Bf6 Re2+ 29. Kg1 Re1+ 30. Kf2 Rf1# 0-1

[Event "C.to Provinciale CO"]
[Site "Como ITA"]
[Date "2012.01.22"]
[Round "3"]
[White "Ghelfi, Giancarlo"]
[Black "Bettinelli, Sergio"]
[WhiteElo "1689"]
[BlackElo "1284"]
[Result "1-0"]
[PlyCount "81"]
[EventDate "2012.01.21"]

1. e4 g6 2. d4 d6 3. Nc3 Bg7 4. g3 Nd7 5. Bg2 Rb8 6. Nge2 b6 7. O-O Bb7 8. Be3
Ngf6 9. h3 O-O 10. Qd2 a6 11. Rad1 c5 12. f4 Qc7 13. e5 dxe5 14. dxe5 Bxg2 15.
Kxg2 Qb7+ 16. Kh2 Ne4 17. Nxe4 Qxe4 18. Qxd7 Qxe3 19. Qd2 Qe4 20. Nc3 Qb7 21.
Qe2 e6 22. Rd6 Rfc8 23. Rfd1 b5 24. Ne4 c4 25. Rd7 Qa8 26. Nd6 Rf8 27. Qd2 f6
28. exf6 Bxf6 29. c3 Qc6 30. Ra7 Rfd8 31. Rf7 Bg7 32. Rxg7+ Kxg7 33. Qd4+ Kg8
34. Qe5 Rf8 35. Qxe6+ Kg7 36. Nf5+ gxf5 37. Qxc6 Rfe8 38. Rd7+ Kh8 39. Qh6 Re2+
40. Kg1 Re1+ 41. Kf2 1-0

[Event "C.to Provinciale CO"]
[Site "Como ITA"]
[Date "2012.01.22"]
[Round "3"]
[White "Guzzetti, Luigi Enrico"]
[Black "Parenti, Davide"]
[WhiteElo "1905"]
[BlackElo "2011"]
[Result "1-0"]
[PlyCount "117"]
[EventDate "2012.01.21"]

1. e4 d5 2. exd5 Nf6 3. Nf3 Nxd5 4. Be2 Nc6 5. d3 e5 6. O-O Be7 7. Bd2 Be6 8.
Nc3 O-O 9. Nxd5 Bxd5 10. Bc3 Bf6 11. Nd2 b5 12. a3 a5 13. Ne4 Be7 14. b3 f5 15.
Ng3 b4 16. axb4 axb4 17. Bb2 Bc5 18. Bf3 Nd4 19. Bxd4 Bxd4 20. Bxd5+ Qxd5 21.
Rxa8 Qxa8 22. Qh5 g6 23. Qg5 Qc6 24. Qd2 Qc5 25. Ne2 Ra8 26. h4 Ra2 27. Nxd4
Qxd4 28. h5 e4 29. Qg5 Qd6 30. dxe4 fxe4 31. Qg4 Rxc2 32. Qxe4 Qc6 33. Qxb4 Rc1
34. hxg6 hxg6 35. Qd2 Rxf1+ 36. Kxf1 Qb5+ 37. Ke1 Qxb3 38. Qd8+ Kg7 39. Qxc7+
Kf6 40. Qd6+ Kf5 41. Ke2 Qa4 42. f3 Qa2+ 43. Kf1 Qc4+ 44. Kf2 Qh4+ 45. Ke2 Qc4+
46. Ke3 Qc1+ 47. Kf2 Qc2+ 48. Kg3 Qc1 49. Qd5+ Kf6 50. Qd4+ Kf7 51. Qf4+ Qxf4+
52. Kxf4 Kf6 53. g3 Kf7 54. Ke5 Ke7 55. f4 Kf7 56. g4 g5 57. f5 Kg7 58. Ke6 Kh7
59. Kf6 1-0

[Event "C.to Provinciale CO"]
[Site "Como ITA"]
[Date "2012.01.22"]
[Round "3"]
[White "Mason, Giovanni"]
[Black "Corti, Massimo"]
[WhiteElo "1714"]
[BlackElo "2013"]
[Result "0-1"]
[PlyCount "50"]
[EventDate "2012.01.21"]

1. e4 e6 2. Nf3 d5 3. exd5 exd5 4. c3 Bd6 5. d4 Ne7 6. Bd3 Nbc6 7. Be3 Bg4 8.
Nbd2 Qd7 9. Qc2 f5 10. Nf1 Bxf3 11. gxf3 Qe6 12. Be2 f4 13. Bc1 O-O-O 14. b4
Nf5 15. Qd3 Rhe8 16. a3 Rd7 17. h4 Rde7 18. Ra2 Qf6 19. Rg1 Nfxd4 20. cxd4 Nxd4
21. Rg5 Rxe2+ 22. Rxe2 Nxe2 23. Qxe2 Rxe2+ 24. Kxe2 h6 25. Rxd5 Qe6+ 0-1

[Event "C.to Provinciale CO"]
[Site "Como ITA"]
[Date "2012.01.22"]
[Round "3"]
[White "Poletto, Daniele"]
[Black "Bellotto, Stefano"]
[WhiteElo "1714"]
[BlackElo "2000"]
[Result "0-1"]
[PlyCount "90"]
[EventDate "2012.01.21"]

1. c4 d6 2. Nc3 f5 3. g3 Nf6 4. Bg2 g6 5. d4 Bg7 6. e4 fxe4 7. Nxe4 O-O 8.
Nxf6+ exf6 9. Nf3 Re8+ 10. Be3 Bh6 11. Qd2 Qe7 12. O-O Bxe3 13. fxe3 Qxe3+ 14.
Qxe3 Rxe3 15. Rae1 Rxe1 16. Rxe1 Kf7 17. d5 Na6 18. Nd4 Bd7 19. a3 Nc5 20. b4
Nd3 21. Re2 a5 22. b5 Ne5 23. Rc2 b6 24. h3 Re8 25. Rc3 Kg7 26. Kf2 Nf7 27. h4
Ne5 28. Bf3 Bg4 29. Bxg4 Nxg4+ 30. Kf3 Ne5+ 31. Kf4 Re7 32. g4 Kf7 33. Ne6 h6
34. g5 fxg5+ 35. hxg5 h5 36. Kg3 Ke8 37. Kg2 Rf7 38. Kg3 Kd7 39. Nf4 Rf5 40.
Ne6 a4 41. Kg2 Kc8 42. Kg3 Nf7 43. Kh4 Rf1 44. Kg3 Nxg5 45. Nxg5 Rg1+ 0-1

[Event "C.to Provinciale CO"]
[Site "Como ITA"]
[Date "2012.01.22"]
[Round "3"]
[White "Primerano, Carlo"]
[Black "Moroni, Luca jr"]
[WhiteElo "1774"]
[BlackElo "2061"]
[Result "0-1"]
[PlyCount "112"]
[EventDate "2012.01.21"]

1. d4 d5 2. c4 e6 3. Nc3 c6 4. cxd5 exd5 5. Bf4 Bd6 6. Bxd6 Qxd6 7. e3 Bf5 8.
Bd3 Ne7 9. g4 Bxd3 10. Qxd3 Nd7 11. O-O-O b5 12. Nce2 a5 13. e4 dxe4 14. Qxe4
Nf6 15. Qf3 Qd5 16. Qxd5 Nexd5 17. f3 h6 18. Nh3 O-O-O 19. Rhe1 Rhe8 20. Nc3
Nxc3 21. bxc3 Nd5 22. Kd2 Nb6 23. Kc2 Nc4 24. Kc1 Ne3 25. Rd2 Nd5 26. Rxe8 Rxe8
27. Kc2 Re3 28. Rd3 Re1 29. Rd2 Ra1 30. Kd3 b4 31. cxb4 Nxb4+ 32. Kc3 Rxa2 33.
Rxa2 Nxa2+ 34. Kb2 Nb4 35. Kb3 Kc7 36. Nf2 Kd6 37. Kc4 Nd5 38. Ne4+ Kd7 39.
Nc5+ Kc7 40. Ne4 Ne3+ 41. Kb3 Nf1 42. h3 Nh2 43. Nd2 Kd6 44. Kc4 g5 45. Ne4+
Kc7 46. Nd2 a4 47. Kb4 Kd6 48. Kxa4 Kd5 49. Kb4 Kxd4 50. Nb3+ Ke5 51. Kc5 Nxf3
52. Kxc6 Nd4+ 53. Nxd4 Kxd4 54. Kd6 Ke4 55. Ke7 f5 56. gxf5 Kxf5 0-1

[Event "C.to Provinciale CO"]
[Site "Como ITA"]
[Date "2012.01.22"]
[Round "3"]
[White "Rossi, Giampiero"]
[Black "Puppi, Simone"]
[WhiteElo "1913"]
[BlackElo "1648"]
[Result "1-0"]
[PlyCount "117"]
[EventDate "2012.01.21"]

1. d4 d5 2. c4 Nf6 3. cxd5 Nxd5 4. g3 e6 5. Bg2 c5 6. dxc5 Bxc5 7. e4 Nb4 8.
Nh3 Qxd1+ 9. Kxd1 Bd4 10. Nc3 O-O 11. a3 Rd8 12. axb4 Bxc3+ 13. Kc2 Bxb4 14.
Be3 a5 15. Rhd1 Bd7 16. e5 Nc6 17. Bb6 Nxe5 18. Bxd8 Rxd8 19. Bxb7 Kf8 20. f4
Rb8 21. Ba6 Ba4+ 22. Rxa4 Nf3 23. Nf2 Nxh2 24. Nd3 Rb6 25. Nxb4 axb4 26. b3 Ng4
27. Rd4 Ne3+ 28. Kd3 Nd5 29. Bc4 Nf6 30. Ra8+ Ke7 31. Rdd8 Nh5 32. Rab8 Rc6 33.
Re8+ Kf6 34. Rxb4 Nxg3 35. Rb7 Nf5 36. Rd8 h5 37. Rbd7 h4 38. Rh8 Nh6 39. Rxh6+
gxh6 40. Ke4 Rc5 41. Rd3 Rh5 42. Rh3 Ke7 43. Be2 Rd5 44. Rxh4 Kd6 45. Bc4 f5+
46. Ke3 Rd1 47. Rxh6 Re1+ 48. Kf2 Re4 49. Rxe6+ Rxe6 50. Bxe6 Kxe6 51. Ke3 Kd5
52. Kd3 Kc5 53. Kc3 Kd5 54. b4 Kc6 55. Kc4 Kb6 56. Kd4 Kb5 57. Ke5 Kxb4 58.
Kxf5 Kc5 59. Ke6 1-0

[Event "C.to Provinciale CO"]
[Site "Como ITA"]
[Date "2012.01.22"]
[Round "3"]
[White "Rossini, Fulvio"]
[Black "Bassoli, Andrea D."]
[WhiteElo "1616"]
[BlackElo "1518"]
[Result "1-0"]
[PlyCount "51"]
[EventDate "2012.01.21"]

1. e4 d5 2. exd5 Qxd5 3. Nc3 Qa5 4. Nf3 Nf6 5. Be2 Bf5 6. O-O e6 7. Re1 Bd6 8.
d4 c6 9. Nh4 Nbd7 10. Nxf5 Qxf5 11. Bd3 Qa5 12. Ne4 Qc7 13. Nxd6+ Qxd6 14. c3
O-O-O 15. b4 b5 16. a4 Nd5 17. axb5 Nxc3 18. Qc2 Qxb4 19. Bd2 Qxd4 20. Bxc3 Qc5
21. bxc6 Nf6 22. Bxf6 Qxc2 23. Bxc2 gxf6 24. Rxa7 Rhf8 25. Rd1 Kb8 26. Rdd7 1-0

[Event "C.to Provinciale CO"]
[Site "Como ITA"]
[Date "2012.01.22"]
[Round "3"]
[White "Villa, Giorgio"]
[Black "Gonella, Daniele"]
[WhiteElo "1938"]
[BlackElo "2100"]
[Result "0-1"]
[PlyCount "54"]
[EventDate "2012.01.21"]

1. d4 Nf6 2. Nf3 d5 3. c4 e6 4. Bg5 Be7 5. e3 O-O 6. Nc3 h6 7. Bh4 b6 8. cxd5
exd5 9. Be2 Bb7 10. O-O c5 11. dxc5 bxc5 12. Qb3 Qb6 13. Rfd1 Nbd7 14. Bb5 Rfd8
15. e4 c4 16. Qc2 dxe4 17. Bxd7 exf3 18. Bh3 g5 19. Re1 Bf8 20. Bg3 g4 21. Qf5
gxh3 22. Bh4 Bg7 23. Re7 Qxb2 24. Rb1 Qxc3 25. Rexb7 Qd3 26. Qxf3 Qxf3 27. gxf3
c3 0-1

[Event "C.to Provinciale CO"]
[Site "Como ITA"]
[Date "2012.01.28"]
[Round "4"]
[White "Bernasconi, Roberto"]
[Black "Petetta, Roberto"]
[WhiteElo "1925"]
[BlackElo "1650"]
[Result "1-0"]
[PlyCount "71"]
[EventDate "2012.01.21"]

1. e4 c5 2. Nf3 Nc6 3. Bb5 d6 4. d4 cxd4 5. Nxd4 Bd7 6. O-O Nf6 7. Nc3 e6 8.
Bg5 Be7 9. Qd2 Nxe4 10. Nxe4 Bxg5 11. Nxg5 Nxd4 12. Bxd7+ Qxd7 13. Qxd4 O-O 14.
Rfd1 Rfd8 15. c4 b6 16. Ne4 Qc6 17. Rd3 Rac8 18. b3 b5 19. c5 e5 20. Qd5 Qxd5
21. Rxd5 dxc5 22. Rxc5 Rxc5 23. Nxc5 Kf8 24. Kf1 Ke7 25. Ke2 f5 26. Rd1 Rxd1
27. Kxd1 Kd6 28. b4 g5 29. Kd2 h5 30. Kd3 Kd5 31. f3 Kd6 32. g4 hxg4 33. fxg4
fxg4 34. Ke4 g3 35. hxg3 g4 36. Nd3 1-0

[Event "C.to Provinciale CO"]
[Site "Como ITA"]
[Date "2012.01.28"]
[Round "4"]
[White "Cocconcelli, Lorenzo"]
[Black "Lancianese, Giuseppe"]
[WhiteElo "1941"]
[BlackElo "1730"]
[Result "1-0"]
[PlyCount "49"]
[EventDate "2012.01.21"]

1. d4 d5 2. c4 c6 3. Nc3 e6 4. Nf3 Nf6 5. e3 Nbd7 6. Qc2 Bd6 7. g4 dxc4 8. g5
Nd5 9. Bxc4 N7b6 10. Be2 Nd7 11. Bd2 O-O 12. h4 Qe7 13. O-O-O f5 14. gxf6 N7xf6
15. Rdg1 Kh8 16. h5 Bd7 17. e4 Nxc3 18. Bxc3 Bb4 19. e5 Bxc3 20. exf6 Bxb2+ 21.
Qxb2 Rxf6 22. h6 gxh6 23. d5 cxd5 24. Rxh6 Qc5+ 25. Kb1 1-0

[Event "C.to Provinciale CO"]
[Site "Como ITA"]
[Date "2012.01.28"]
[Round "4"]
[White "Colombo, Luca"]
[Black "Villa, Giorgio"]
[WhiteElo "1887"]
[BlackElo "1938"]
[Result "1/2-1/2"]
[PlyCount "120"]
[EventDate "2012.01.21"]

1. e4 c5 2. Nc3 e6 3. g3 Nc6 4. Bg2 g6 5. d3 Bg7 6. Be3 d6 7. Qd2 Rb8 8. Nge2
Nd4 9. Nc1 b5 10. O-O Ne7 11. Nd1 b4 12. c3 bxc3 13. bxc3 Ndc6 14. Bh6 O-O 15.
Bxg7 Kxg7 16. f4 d5 17. Qf2 Qb6 18. Ne3 Rd8 19. exd5 exd5 20. Nb3 d4 21. Nc4
Qb5 22. cxd4 Nxd4 23. Rab1 Ba6 24. Qe1 Qd7 25. Nxc5 Rxb1 26. Qxb1 Ne2+ 27. Kh1
Qb5 28. Nxa6 Qxa6 29. Re1 Nc3 30. Qc2 Ned5 31. Re5 f6 32. Re1 Qxa2 33. Qxa2
Nxa2 34. Ra1 Ndb4 35. Bf1 a6 36. Kg2 Nc3 37. Nb2 Rd5 38. Rc1 Nb5 39. Rc4 a5 40.
Kf2 Rd4 41. Ke3 Nd5+ 42. Kd2 Nb6 43. Rxd4 Nxd4 44. Bg2 Kf7 45. Kc3 Nb5+ 46. Kc2
Ke6 47. Nc4 Nxc4 48. dxc4 Nc7 49. Kb3 Kd6 50. Ka4 Kc5 51. Bf1 Ne6 52. Kxa5 Nd4
53. Ka6 Nf3 54. Kb7 Nxh2 55. Be2 f5 56. Kc7 Ng4 57. Kd7 Nf6+ 58. Ke7 Ne4 59. g4
fxg4 60. Bxg4 Kxc4 1/2-1/2

[Event "C.to Provinciale CO"]
[Site "Como ITA"]
[Date "2012.01.28"]
[Round "4"]
[White "Corti, Filippo"]
[Black "Poletto, Daniele"]
[WhiteElo "1673"]
[BlackElo "1714"]
[Result "0-1"]
[PlyCount "106"]
[EventDate "2012.01.21"]

1. Nf3 Nf6 2. g3 g6 3. Bg2 Bg7 4. d4 d5 5. O-O O-O 6. c3 c6 7. Nbd2 Nbd7 8. Qc2
Re8 9. e4 dxe4 10. Nxe4 Nxe4 11. Qxe4 e5 12. dxe5 Nxe5 13. Qc2 Qd3 14. Qxd3
Nxd3 15. Rd1 Nxc1 16. Raxc1 Be6 17. a3 Rad8 18. Nd4 Bd5 19. Bxd5 Rxd5 20. Kf1
Red8 21. Re1 Bxd4 22. cxd4 Rxd4 23. Re7 R4d7 24. Re2 Rd1+ 25. Rxd1 Rxd1+ 26.
Kg2 Rd7 27. Re8+ Kg7 28. Re2 Kf6 29. h4 a5 30. g4 h6 31. f3 c5 32. Rc2 b6 33.
Kf2 Ke5 34. Re2+ Kd6 35. Rd2+ Kc6 36. Re2 b5 37. f4 b4 38. axb4 axb4 39. f5
gxf5 40. gxf5 Rd5 41. Kg3 Rxf5 42. Kg4 Rf6 43. Kh5 Kb5 44. b3 Rf3 45. Kxh6 Rxb3
46. Rf2 Rg3 47. Rxf7 b3 48. h5 c4 49. Kh7 c3 50. h6 c2 51. Rf5+ Kb4 52. Kh8
c1=Q 53. h7 Qc8+ 0-1

[Event "C.to Provinciale CO"]
[Site "Como ITA"]
[Date "2012.01.28"]
[Round "4"]
[White "Corti, Massimo"]
[Black "Rossi, Giampiero"]
[WhiteElo "2013"]
[BlackElo "1913"]
[Result "0-1"]
[PlyCount "104"]
[EventDate "2012.01.21"]

1. e4 c5 2. Nf3 e6 3. g3 d6 4. Bg2 Nf6 5. d3 Be7 6. O-O O-O 7. Re1 Nc6 8. Nbd2
Bd7 9. Nf1 Qc7 10. Ng5 h6 11. Nh3 e5 12. Ne3 Qc8 13. Nf5 Bxf5 14. exf5 Qxf5 15.
f4 Qg4 16. Qd2 Nd4 17. fxe5 dxe5 18. Rxe5 Bd6 19. Re3 Rfe8 20. Nf2 Qd7 21. Ne4
Nxe4 22. dxe4 Rad8 23. c3 Nc6 24. Qc2 c4 25. Re2 Bc5+ 26. Be3 Bxe3+ 27. Rxe3
Qd2 28. Re2 Qxc2 29. Rxc2 Ne5 30. b3 Rd6 31. Re1 Rc8 32. Rb1 b6 33. Bf1 Nf3+
34. Kg2 Rd2+ 35. Rxd2 Nxd2 36. Rb2 Nxf1 37. Kxf1 f6 38. Ke2 Kf7 39. bxc4 Rxc4
40. Kd3 Rc5 41. Rb4 Ra5 42. a4 Ke6 43. Kd4 Kd6 44. Kc4 Rc5+ 45. Kd4 Kc6 46. Rb2
a6 47. Rb4 h5 48. Rb2 Rg5 49. Re2 Rg4 50. Ke3 Rg5 51. Rb2 Kc5 52. Rb4 Rg4 0-1

[Event "C.to Provinciale CO"]
[Site "Como ITA"]
[Date "2012.01.28"]
[Round "4"]
[White "Gonella, Daniele"]
[Black "Coppola, Guido"]
[WhiteElo "2100"]
[BlackElo "1987"]
[Result "1-0"]
[PlyCount "73"]
[EventDate "2012.01.21"]

1. e4 c5 2. Nf3 d6 3. d4 cxd4 4. Qxd4 Nc6 5. Bb5 Bd7 6. Bxc6 Bxc6 7. c4 Nf6 8.
Nc3 g6 9. O-O Bg7 10. Be3 O-O 11. Qd3 Ng4 12. Bd4 Ne5 13. Bxe5 dxe5 14. Qxd8
Raxd8 15. Nd5 Rd7 16. Rad1 e6 17. Nc3 Rfd8 18. Rxd7 Rxd7 19. Re1 Kf8 20. Kf1
Ke7 21. b4 b6 22. a4 Rd3 23. Re3 Rxe3 24. fxe3 f5 25. Nd2 Kf6 26. Ke2 Bf8 27.
c5 Bb7 28. Nc4 a5 29. c6 Bxc6 30. b5 Bb7 31. Nxb6 Kg5 32. Nc4 Bb4 33. Na2 Bxe4
34. Nxb4 axb4 35. a5 b3 36. a6 Bd5 37. Nb2 1-0

[Event "C.to Provinciale CO"]
[Site "Como ITA"]
[Date "2012.01.28"]
[Round "4"]
[White "Moroni, Luca jr"]
[Black "Guzzetti, Luigi Enrico"]
[WhiteElo "2061"]
[BlackElo "1905"]
[Result "1/2-1/2"]
[PlyCount "71"]
[EventDate "2012.01.21"]

1. e4 c5 2. Nf3 e6 3. d4 cxd4 4. Nxd4 a6 5. Nc3 Qc7 6. Be2 Nf6 7. O-O Nc6 8.
Be3 Be7 9. f4 d6 10. Qe1 Bd7 11. Qg3 e5 12. Nxc6 Bxc6 13. fxe5 dxe5 14. Bd4
Nxe4 15. Nxe4 Bxe4 16. Qxg7 O-O-O 17. Qxe5 Qxe5 18. Bxe5 Rhg8 19. Bf3 f5 20.
Rae1 Rd2 21. Rxe4 fxe4 22. Bxe4 Re2 23. Bf5+ Kd8 24. Rd1+ Ke8 25. Bd7+ Kf7 26.
Rf1+ Kg6 27. Bf5+ Kg5 28. Bxh7 Bc5+ 29. Kh1 Rf8 30. h4+ Kxh4 31. Rxf8 Re1+ 32.
Kh2 Bg1+ 33. Kh1 Bd4+ 34. Kh2 Bg1+ 35. Kh1 Bc5+ 36. Kh2 1/2-1/2

[Event "C.to Provinciale CO"]
[Site "Como ITA"]
[Date "2012.01.28"]
[Round "4"]
[White "Parenti, Davide"]
[Black "Falchi, Claudio"]
[WhiteElo "2011"]
[BlackElo "1777"]
[Result "1/2-1/2"]
[PlyCount "120"]
[EventDate "2012.01.21"]

1. d4 e6 2. g3 f5 3. Bg2 Nf6 4. Nf3 d5 5. b3 c6 6. O-O Bd6 7. c4 Qe7 8. a4 O-O
9. Ba3 Bxa3 10. Nxa3 Bd7 11. Nc2 Be8 12. Nce1 Nbd7 13. Nd3 Bh5 14. Nfe5 Ng4 15.
Nxd7 Qxd7 16. h3 Nf6 17. Ne5 Qd6 18. Qd3 Ne4 19. f4 Nf6 20. e3 Rac8 21. c5 Qc7
22. b4 a6 23. Ra2 Nd7 24. Nxd7 Qxd7 25. Rfa1 Kh8 26. Kf2 Rg8 27. h4 Qc7 28. Bf1
Rb8 29. b5 a5 30. bxc6 bxc6 31. Rb1 Rxb1 32. Qxb1 Rb8 33. Rb2 Rxb2+ 34. Qxb2
Qa7 35. Qb6 Qa8 36. Ke1 h6 37. Ba6 Qe8 38. Be2 Bxe2 39. Kxe2 Qh5+ 40. Kd2 Qf3
41. Qxa5 Qf2+ 42. Kd3 Qf1+ 43. Kc2 Qc4+ 44. Kb2 Qe2+ 45. Kc1 Qxe3+ 46. Qd2 Qa3+
47. Kb1 Qxa4 48. Qe3 Qb4+ 49. Kc1 Qc4+ 50. Kb1 Qf1+ 51. Kb2 Qg2+ 52. Kb3 Qe4
53. Qd2 Qf3+ 54. Qd3 Qe4 55. Qd2 Qf3+ 56. Qd3 Qe4 57. Qd2 Qf3+ 58. Qd3 Qf2 59.
Kb4 Qe1+ 60. Ka4 Qa1+ 1/2-1/2

[Event "C.to Provinciale CO"]
[Site "Como ITA"]
[Date "2012.01.28"]
[Round "4"]
[White "Puppi, Simone"]
[Black "Carbone, Lorenzo"]
[WhiteElo "1648"]
[BlackElo "1698"]
[Result "0-1"]
[PlyCount "66"]
[EventDate "2012.01.21"]

1. e4 c5 2. Nf3 d6 3. d4 cxd4 4. Nxd4 Nf6 5. Nc3 e6 6. f3 Be7 7. Be3 O-O 8. Bc4
a6 9. Qd2 b5 10. Bb3 b4 11. Nce2 a5 12. Ba4 Bd7 13. Nb5 Ra6 14. O-O e5 15. Rac1
Nc6 16. c3 Be6 17. cxb4 axb4 18. b3 d5 19. exd5 Nxd5 20. Bc5 Bg5 21. f4 Nxf4
22. Qxd8 Nxe2+ 23. Kf2 Rxd8 24. Kxe2 Bxc1 25. Rxc1 Nd4+ 26. Bxd4 exd4 27. Nc7
Rad6 28. Nb5 Rd5 29. Nc7 Re5+ 30. Kd2 d3 31. Nxe6 fxe6 32. Rc4 Re2+ 33. Kd1 Rf8
0-1